00375nam a22001217a 4500027001600000040001600016082001300032100001700045245008300062260003500145300002700180650004600207 qHard Cover. cSINES-NUST. a004bMal aMirha Malik. aFault Detection and Fault Isolation in Chemical Process System /cMalik, Mirha aIslamabad:bSINES-NUST,c2022. a59 p. :bill, ;c30cm. 2MS-Computational Science and Engineering.